Bài giảng lý thuyết và thực hành pháp y học
Na minha lista:
| Autor principal: | |
|---|---|
| Formato: | Livro |
| Idioma: | Undetermined |
| Assuntos: | |
| Tags: |
Adicionar Tag
Sem tags, seja o primeiro a adicionar uma tag!
|
| Thư viện lưu trữ: | Trung tâm Học liệu Trường Đại học Cần Thơ |
|---|
| LEADER | 00449nam a2200145Ia 4500 | ||
|---|---|---|---|
| 001 | CTU_90619 | ||
| 008 | 210402s9999 xx 000 0 und d | ||
| 082 | |a 614.1 | ||
| 082 | |b Th552 | ||
| 100 | |a Hoàng Văn Thức | ||
| 245 | 0 | |a Bài giảng lý thuyết và thực hành pháp y học | |
| 245 | 0 | |c Hoàng Văn Thức | |
| 650 | |a medical jurisprudence | ||
| 904 | |i Trúc | ||
| 980 | |a Trung tâm Học liệu Trường Đại học Cần Thơ | ||